01643pab a2200169 454500008004000000100001600040245004400056260000900100300001400109362001200123520116200135650001301297773003301310909001001343999001701353952010301370180718b2001 xxu||||| |||| 00| 0 eng d aAshok Kumar aThe problem of coordination in planning c2001 ap.341-72. aJul-Dec aInter-organisational coordination is significant for an effective delivery of the planning function, because successful preparation and implementation of the planning policies and controls depend on a number of other organisations. This paper presents an analytical framework containing four levels of coordination among the various interest groups, which are then applied to the planning practice pursued by the first development authority of India, the Delhi Development Authority (DDA), in order to examine the coordination of DDA with other organisations. It has been uncovered that the lack of inter-organisational coordination has either slowed down, delayed, or simply stopped development. The presumed centrality of planning, particularly the master plan; allocating the responsibility of planning to elected local bodies; abolition of development authorities like the DDA; creation of a geographical information system in respect to notification and de-notification of development areas; and training of employees to work in a multi-organisational environment are some of the suggestions which could lead to effective coordination. - Reproduced. aPlanning aIndian Social Science Review a52235 c52235d52235 00104070aIIPAbIIPAd2018-07-19hVolume no: 3, Issue no: 2pAR52665r2018-07-19w2018-07-19yAR